| 000 | 01689cam a2200397Ia 4500 | ||
|---|---|---|---|
| 001 | 7864935 | ||
| 003 | OSt | ||
| 005 | 20211012122706.0 | ||
| 006 | m d | ||
| 007 | cr n | ||
| 008 | 071116s2008 ne a s 000 0 eng d | ||
| 020 | _a9781402063367 | ||
| 035 | _a(WaSeSS)ssj0000195436 | ||
| 038 | _akhadija | ||
| 040 |
_aCaPaEBR _cCaPaEBR _dWaSeSS |
||
| 050 | 4 |
_aTK7874.8 _b.N38 2006eb |
|
| 050 | 4 | _aTK7874.8.N38 2008 | |
| 082 |
_a620.5 _bMAG |
||
| 111 | 2 |
_aNATO Advanced Study Institute on Magnetic Nanostructures for Micro-Electromechanical Systems and Spintronic Applications _d(2006 : _cCatona, Reggio di Calabria, Italy) _983052 |
|
| 210 | 1 | 0 | _aMagnetic nanostructures in modern technology |
| 245 | 1 | 0 |
_aMagnetic Nanostructures in Modern Technology : _bSpintronics, Magnetic MEMS and Recording / _cedited by Bruno Azzerboni ... [et al.]. |
| 260 |
_aDordrecht : _bSpringer, _cc2008. |
||
| 490 | 1 | _aNATO science for peace and security series. Series B, Physics and biophysics | |
| 506 | _aLicense restrictions may limit access. | ||
| 563 | _ahardcover | ||
| 650 | 0 |
_aNanoelectromechanical systems _vCongresses. _983053 |
|
| 650 | 0 |
_aNanostructures. _93334 |
|
| 655 | 7 |
_aElectronic books. _2local _9621 |
|
| 700 | 1 |
_aAzzerboni, Bruno. _983054 |
|
| 710 | 2 |
_aebrary, Inc. _9622 |
|
| 773 | 0 | _tSpringerLink ebooks - Physics and Astronomy (2008) | |
| 830 | 0 |
_aNATO Science for Peace and Security series. _nB, _pPhysics and biophysics. _983055 |
|
| 856 | 4 | 0 |
_uhttp://www.columbia.edu/cgi-bin/cul/resolve?clio7864935 _zFull text available from SpringerLink ebooks - Physics and Astronomy (2008) |
| 910 | _aVendor-generated brief record | ||
| 942 |
_2ddc _cBK |
||
| 999 |
_c32251 _d32251 |
||